| 000 | 00351nam a2200097Ia 4500 | ||
|---|---|---|---|
| 082 | _a636.7527 LABR | ||
| 245 | 0 | _aDe golden retriever : aanschaf, voeding, verzorging, opvoeding, voortplanting , ziekte en nog veel meer | |
| 100 |
_a Redactie Over Dieren. Warffum, 2003 4e dr _960251 |
||
| 942 | _cBK | ||
| 008 | 210817s9999 xx 000 0 und d | ||
| 999 |
_c189485 _d189483 |
||